[Event "Figueres Region-ch"]
[Site "Figueres	"]
[Date "2021.11.06"]
[Round "6"]
[White "Buenacasa Garcia, Jordi Joan"]
[Black "Castrillon Otero, Javier"]
[Result "1-0"]
[WhiteElo "1889"]
[BlackElo "2054"]
[PlyCount "66"]
[EventDate "2021.09.25"]
[EventType "swiss"]
[EventRounds "9"]
[EventCountry "ESP"]
[SourceTitle "EXT 2023"]
[Source "ChessBase"]
[SourceDate "2022.10.05"]
[SourceVersion "1"]
[SourceVersionDate "2022.10.05"]
[SourceQuality "1"]

1. e4 c5 2. Nf3 e6 3. d4 cxd4 4. Nxd4 a6 5. Nc3 Qc7 6. a3 b5 7. Be3 Nf6 8. Be2 Bb7 9. f3 b4 10. axb4 Bxb4 11. 0-0 Bxc3 12. bxc3 Qxc3 13. Bg5 Nc6 14. Nxc6 Qxc6 15. Qd4 Rc8 16. Rfb1 Rg8 17. Rxb7 Qxb7 18. Bxa6 Qc7 19. Bxc8 Qxc8 20. Qd6 Qb7 21. Be3 Qc6 22. Bc5 Kd8 23. Bb6+ Kc8 24. Ra8+ Kb7 25. Ra7+ Kxb6 26. Qd4+ Kb5 27. Qa4+ Kc5 28. Ra5+ Kd6 29. Ra6 Rc8 30. Qb4+ Ke5 31. Rxc6 Rxc6 32. c3 d5 33. Qd4+ Kf4 1-0